000 01943nam a2200409 c 4500
003 BLK
005 20240917094314.0
008 180412b bul|||||r ||||||| ||bul||
010 _aKNG00013823000
020 _a954-450-053-7
_bиздат.: Евразия-Абагар
040 _aBLK
041 _aBUL
_cBUL
080 _aСоциология на културата и цивилизацията
_b316.7
_x(73)
_z316.7(73)
080 _aЦивилизация. Култура. Прогрес. История на културата вж 930.85
_b008
_x(73)
_z008(73)
100 1 _aБодрияр, Жан
_eпърви автор
_940270
700 1 _aКитинска, Зорница Стефанова
_eпрев. от фр.
_979412
139 _aБодрияр, Жан
_bБ 55
245 1 0 _aАмерика
_cЖан Бодрияр; прев. от фр. Зорница Стефанова Китинска.
257 _aFRA
260 Плевен
_bЕвразия-Абагар
_c1996
300 _a264 с.
_c20 см
380 _a3
490 1 _aСъвременни философи
500 _aОриг. загл. Amerique / Jean Baudrillard. - Съдържа и Във водовъртежа на Алмалкия разказАл или преоткриване на Америка / Ив. Райнова. - 1 500 тир.
650 4 _aКултура - САЩ - социология
_9257356
650 4 _aЦивилизация - САЩ - нравствено-етични проблеми
_9257357
650 4 _aАмерикански начин на живот - социологични проблеми
_9146838
651 4 _aСАЩ
_9179493
653 _aкултура
653 _aсоциология
852 _aЦб 190141
856 4 _qpdf
_u
856 4 _qpdf
_u
942 _cKNG
_n0
_03
944 _aCR
_c15.01.2003
_k30575
_lМартин Енчев
944 _aED
_c15.01.2003
_k
999 _c12236
_d12236